[Event "2nd Grand Europe Open 2013"]
[Site "Golden Sands BUL"]
[Date "2013.06.16"]
[Round "7.29"]
[White "Sagar,S"]
[Black "Galinsky,T"]
[Result "1/2-1/2"]
[WhiteElo "2359"]
[BlackElo "2439"]

1.c4 e6 2.Nf3 d5 3.g3 Nf6 4.Bg2 dxc4 5.Qa4+ c6 6.Qxc4 b5 7.Qc2 Bb7 8.Nc3 Nbd7
9.O-O a6 10.a4 b4 11.Nb1 c5 12.d3 Be7 13.a5 O-O 14.Nbd2 Bd6 15.Nc4 Bc7 16.e4 h6
17.h3 Rc8 18.Be3 Qe7 19.Nfd2 e5 20.f4 Nh5 21.f5 Nxg3 22.Rf2 Nh5 23.Kh2 Nf4
24.Rg1 g5 25.Bf1 Kh8 26.Qd1 Nf6 27.b3 Rg8 28.Qa1 N6h5 29.Nf3 f6 30.Rc2 Rcd8
31.Ne1 Ng7 32.Nb6 Rd4 33.Na4 Bd6 34.Qc1 Nxf5 35.Bf2 Ng7 36.Nxc5 Bxc5 37.Rxc5 Rd7
38.Rc4 Nge6 39.Qd2 Kh7 40.Qxb4 Qxb4 41.Rxb4 Bc6 42.Rb6 Bb5 43.d4 exd4 44.Bxb5 axb5
45.Nf3 Rc8 46.Rd1 Rc3 47.Nxd4 Rxh3+ 48.Kg1 Ne2+ 49.Nxe2 Rxd1+ 50.Kg2 Rxb3
51.Rxe6 Rd2 52.Ng3 Ra3 53.a6 Rda2 54.Re7+ Kg8 55.a7 b4 56.Rb7 g4 57.Nh5 Rf3
58.Rb8+ Kf7 59.a8=Q Raxf2+  1/2-1/2

[Event "17th Petr Izmailov"]
[Site "Tomsk RUS"]
[Date "2013.06.16"]
[Round "6.8"]
[White "Beletsky,A"]
[Black "Yudin,S"]
[Result "1/2-1/2"]
[WhiteElo "2284"]
[BlackElo "2552"]

1.Nf3 e6 2.c4 d5 3.d4 c6 4.Nbd2 f5 5.g3 Bd6 6.Bg2 Nd7 7.O-O Qf6 8.c5 Bc7
9.Nb3 h6 10.Bf4 Bxf4 11.gxf4 Ne7 12.Qd2 Rg8 13.Nc1 b6 14.cxb6 axb6 15.Nd3 g5
16.Kh1 Qg7 17.Nfe5 Nxe5 18.Nxe5 c5 19.Rg1 Ra4 20.e3 Ng6 21.Qc2 Bd7 22.b3 Ra5
23.b4 cxb4 24.Qc7 Nxe5 25.fxe5 Qe7 26.Qxb6 Rb5 27.Qa6 Qd8 28.Bf1 Rb6 29.Qe2 g4
30.Rb1 Kf7 31.Qd2 Qb8 32.Bd3 Rc8 33.Rb2 Bb5 34.Bxb5 Rxb5 35.Rgb1 Rc4 36.Rb3 Qc8
37.R1b2 Kg6 38.Kg2 Qc7 39.Rxb4 Rbxb4 40.Rxb4 Rc2 41.Qd3 Rxa2 42.Qb5 Qc2 43.Qe8+ Kg5
44.Qe7+ Kh5 45.Qe8+  1/2-1/2

[Event "2nd Grand Europe Open 2013"]
[Site "Golden Sands BUL"]
[Date "2013.06.17"]
[Round "8.25"]
[White "Sagar,S"]
[Black "Drenchev,P"]
[Result "0-1"]
[WhiteElo "2359"]
[BlackElo "2485"]

1.c4 e6 2.Nf3 d5 3.g3 Nf6 4.Bg2 d4 5.O-O c5 6.e3 Nc6 7.exd4 cxd4 8.d3 Be7
9.Na3 Nd7 10.Nc2 e5 11.b4 O-O 12.c5 Rb8 13.Re1 b5 14.Nfxd4 Nxd4 15.Nxd4 exd4
16.Bf4 g5 17.Bxb8 Nxb8 18.a4 bxa4 19.Qxa4 a6 20.c6 Bd6 21.b5 Bc7 22.Qc4 Be6
23.Qc5 axb5 24.Qxb5 h6 25.Ra7 Qd6 26.Re4 Nxc6 27.Ra1 Nb4 28.h4 Rb8 29.Qa4 Kg7
30.hxg5 hxg5 31.Qa7 Rd8 32.Rd1 Bf5 33.Re2 Bg4 34.f3 Bf5 35.Rc1 Rd7 36.Qc5 Bxd3
37.Qxg5+ Bg6 38.Re4 f6 39.Qg4 f5  0-1

[Event "82nd ch-UKR 2013"]
[Site "Kiev UKR"]
[Date "2013.06.19"]
[Round "5.6"]
[White "Neverov,V"]
[Black "Bogdanovich,S"]
[Result "0-1"]
[WhiteElo "2515"]
[BlackElo "2567"]

1.c4 e6 2.Nf3 d5 3.d4 Nf6 4.Nc3 Be7 5.Bg5 h6 6.Bh4 O-O 7.e3 Ne4 8.Bxe7 Qxe7
9.Qb3 Nxc3 10.bxc3 dxc4 11.Bxc4 b6 12.a4 Bb7 13.Qa3 c5 14.a5 Nd7 15.Be2 e5
16.O-O Rfd8 17.Rfd1 Kf8 18.Qb2 exd4 19.cxd4 Qf6 20.h3 Kg8 21.Qb3 cxd4 22.exd4 Nf8
23.axb6 axb6 24.Rxa8 Bxa8 25.d5 Ng6 26.g3 Rd6 27.Bc4 Bb7 28.Re1 Qf5 29.Nd4 Qxh3
30.Qf3 Qd7 31.Nb5 Bxd5 32.Qd1 Re6 33.Rf1 Re5 34.Nc3 Bc6 35.Qxd7 Bxd7 36.Rd1 Nf8
37.Nd5 b5 38.Bf1 Be6 39.Nc7 Bc4 40.Rb1 Ne6 41.Nxb5 Bxf1 42.Kxf1 Rd5 43.Nc3 Rd7
44.Kg2 g6 45.Rd1 Rb7 46.Nd5 Kg7 47.Ne3 Rb2 48.Rc1 h5 49.Rc2 Rb1 50.Rc4 Rb5
51.Nc2 Rd5 52.Ne3 Ra5 53.Rc2 Re5 54.Ra2 Re4 55.Ra7 Rd4 56.Ra2 h4 57.Rc2 hxg3
58.fxg3 Rd3 59.Nf1 Ra3 60.Rb2 Nd4 61.Rd2 Nf5 62.Rf2 Rb3 63.Rf3 Rb1 64.Rf2 Rc1
65.Rf3 Re1 66.Kf2 Rb1 67.Kg2 Ra1 68.Rf2 Nd6 69.Re2 Rc1 70.Ra2 Ne4 71.Re2 Nc5
72.Ra2 Re1 73.Rb2 Ne4 74.Ra2 Kf6 75.Ra6+ Ke5 76.Ra5+ Kd4 77.Ra4+ Kd5 78.Ra5+ Kc4
79.Ra4+ Kc3 80.Ra3+ Kd4 81.Ra4+ Kd5 82.Ra5+ Nc5 83.Ra2 Nd3 84.Ra5+ Kc4 85.Ra4+ Kc5
86.Ra5+ Kb4 87.Ra7 Ne5 88.Ra2 Kc5 89.Rc2+ Kd6 90.Rd2+ Ke6 91.Ra2 Nc4 92.Kf2 Rc1
93.Ne3 Nd6 94.Kg2 f6 95.Re2 Kf7 96.Ra2 Rb1 97.Nf1 Rb3 98.Re2 Nf5 99.Ra2 Kg7
100.Ra7+ Kh6 101.Ra2 Kg5 102.Rd2 Rc3 103.Ra2 Rd3 104.Ra5 Rb3 105.Ra2 Kh6
106.Rd2 Ra3 107.Rb2 Nd6 108.Rd2 Nc4 109.Rc2 Ne5 110.Rf2 Kg7 111.Rb2 Rc3 112.Rb7+ Kh6
113.Rb2 Rd3 114.Ra2 Rb3 115.Kg1 Rb6 116.Kg2 Rd6 117.Kg1 Rc6 118.Kg2 Rc1 119.Ne3 Re1
120.Kf2 Nd3+ 121.Kf3 Rb1 122.Kg2 Rb5 123.Ng4+ Kg5 124.Ne3 Ne5 125.Nf1 Rb3
126.Nd2 Re3 127.Nf1 Rd3 128.Nh2 Nc4 129.Nf1 Rc3 130.Re2 Kh6 131.Ra2 Nd6 132.Rd2 Ne4
133.Re2 Nc5 134.Ra2 Kg5 135.Re2 Ra3 136.Rc2 Ne4 137.Re2 f5 138.Rb2 Ra1 139.Rc2 Kf6
140.Rc6+ Kf7 141.Rc7+ Ke6 142.Rc6+ Nd6 143.Rc2 Kd5 144.Rd2+ Ke5 145.Rb2 Ne4
146.Nd2 Nd6 147.Nf3+ Kf6 148.Nd2 Rd1 149.Ra2 Ke6 150.Nf1 Ne4 151.Ra6+ Kf7
152.Ra7+ Kf6 153.Ra6+ Kg5 154.Ra2 Re1 155.Nh2 Kf6 156.Nf1 Ke5 157.Ra5+ Kd4
158.Ra4+ Kc5 159.Ra2 Kb4 160.Rc2 Kb3 161.Rc6 Re2+ 162.Kg1 g5 163.Rc8 Kb4
164.Rf8 Nd6 165.Rg8 g4 166.Nh2 Nc4 167.Nxg4 fxg4 168.Rxg4 Kc3 169.Rf4 Ne3
170.Rf8 Kd3 171.Rf7 Rg2+ 172.Kh1 Rxg3 173.Kh2 Rg5 174.Kh3 Nf5 175.Ra7 Ke4
176.Ra4+ Kf3 177.Ra3+ Ne3 178.Kh4 Rb5 179.Rc3 Kf4 180.Ra3 Re5 181.Ra4+ Kf3
182.Ra3 Rb5 183.Rc3 Kf4 184.Ra3 Nf5+ 185.Kh3 Rb4 186.Kg2 Ne3+ 187.Kh3 Kf3
188.Ra8 Rf4 189.Ra3 Re4 190.Ra8 Nd5 191.Ra3+ Ne3 192.Ra8 Re5 193.Rf8+ Nf5
194.Ra8 Re3 195.Rf8 Ke4+ 196.Kh2 Kf4 197.Rf7 Kg4 198.Kg1 Rf3 199.Rf8 Rf4
200.Rg8+ Kh3  0-1

[Event "III Marcel Duchamp Boca Jun Op"]
[Site "Buenos Aires ARG"]
[Date "2013.06.28"]
[Round "8.10"]
[White "Giardelli,S"]
[Black "Barrionuevo,P"]
[Result "1/2-1/2"]
[WhiteElo "2344"]
[BlackElo "2287"]

1.c4 e6 2.Nf3 d5 3.b3 Nf6 4.g3 c5 5.Bg2 Nc6 6.O-O Be7 7.e3 O-O 8.Qe2 e5 9.cxd5 Nxd5
10.Bb2 f6 11.d3 Re8 12.a3 Bf8 13.Nbd2 Bg4 14.Rfc1 Rc8 15.Qf1 Qd7 16.Rc2 Kh8
17.Rac1 Nc7 18.Ne1 Ne6 19.f4 exf4 20.gxf4 Nc7 21.Qf2 Nd5 22.Nc4 b5 23.e4 Nxf4
24.Qxf4 bxc4 25.Rxc4 Na5 26.R4c3 Be6 27.b4 Nb3 28.Rd1 cxb4 29.Rxc8 Rxc8 30.axb4 Nd4
31.Qf2 Bg4 32.Ra1 Ne2+ 33.Kf1 Bxb4 34.Bf3 Bxf3 35.Qxf3 Nd4 36.Qg3 Bd6 37.Qe3 Be5
38.Ra5 Nc2 39.Nxc2 Bxb2 40.Rxa7 Qg4 41.Qg3 Qd1+ 42.Ne1 Rg8 43.Rd7 Bc3 44.Rd5 h6
45.d4 Qa1 46.Ke2 Bxd4 47.Nc2 Qb2 48.Qd3 Be5 49.h4 Qb8 50.Ne3 Bg3 51.Nf5 Bxh4
52.e5 Qb2+ 53.Qd2 Qxd2+ 54.Kxd2 Bg5+ 55.Kd3 fxe5 56.Rxe5 Ra8 57.Rb5 Kh7 58.Nd4 Bf6
59.Ne6 Ra4 60.Ke3 Rh4 61.Kf3 h5 62.Nf4 Kh6 63.Rb6 Rh1 64.Kg2 Ra1 65.Nd5 Kg5
66.Nxf6 gxf6 67.Rb8 f5 68.Rg8+ Kf4 69.Rb8 Ra2+ 70.Kh3 Ra3+ 71.Kh4 Kf3 72.Kxh5 f4
73.Kh4 Rd3 74.Rb2 Re3 75.Kh3 Rd3 76.Ra2 Ke3 77.Kg4 Rb3 78.Rc2 f3 79.Kg3 Rd3
80.Ra2  1/2-1/2

[Event "TCh-MNE Prem 2013"]
[Site "Cetinje MNE"]
[Date "2013.06.28"]
[Round "5.1"]
[White "Damljanovic,B"]
[Black "Nikcevic,N"]
[Result "1-0"]
[WhiteElo "2544"]
[BlackElo "2458"]

1.c4 e6 2.Nf3 d5 3.d4 c6 4.g3 Nf6 5.Bg2 Nbd7 6.Nbd2 Be7 7.O-O O-O 8.Qc2 b6
9.e4 Bb7 10.e5 Ne8 11.cxd5 exd5 12.Rd1 c5 13.Nf1 cxd4 14.Qe2 Nc7 15.Nxd4 Ba6
16.Qe1 Nc5 17.Qe3 Bb7 18.b3 Re8 19.Bb2 f6 20.exf6 Bxf6 21.Qc1 Qd7 22.Ne3 Rad8
23.Ndf5 Qf7 24.Bxf6 Qxf6 25.Nd4 N7a6 26.Qb2 Ne4 27.Ng4 Qg6 28.f3 Nec5 29.Qb1 Qxb1
30.Raxb1 Nb4 31.Rd2 Nc6 32.Nxc6 Bxc6 33.Rc1 Bb5 34.Rcd1 Be2 35.Re1 Bb5 36.Rxe8+ Bxe8
37.Ne5 a5 38.f4 d4 39.Bf1 Ne4 40.Rc2 b5 41.Rc7 Nc3 42.a3 Nb1 43.a4 bxa4 44.bxa4 Nc3
45.Ra7 Nxa4 46.Rxa5 Nb2 47.Ra2 Rb8 48.Ra7 Nd1 49.Bc4+ Kf8 50.Nd7+ Bxd7 51.Rxd7 Ne3
52.Bd3 Rb2 53.Be4 Rd2 54.h3 Kg8 55.g4 g6 56.g5 Nf5 57.h4 Nxh4 58.Bd5+ Kf8
59.Rf7+ Ke8 60.Rxh7 Nf5 61.Bf7+ Kf8 62.Bxg6 Ne7 63.Rf7+ Ke8 64.Bh5 d3 65.g6 Rb2
66.g7  1-0

[Event "FISCA Open D 2013"]
[Site "Cap Aurora ROU"]
[Date "2013.06.29"]
[Round "9.3"]
[White "Dumitrache,D"]
[Black "Cosma,E"]
[Result "1-0"]
[WhiteElo "2451"]
[BlackElo "2329"]

1.c4 e6 2.Nf3 d5 3.e3 Nf6 4.b3 Be7 5.Bb2 O-O 6.Be2 b6 7.O-O Bb7 8.Nc3 Nbd7
9.d4 c5 10.Rc1 Rc8 11.cxd5 Nxd5 12.Nxd5 Bxd5 13.Ba6 Rc7 14.Qe2 Qa8 15.Rfe1 Be4
16.Red1 Nb8 17.Bb5 a6 18.Bd3 Bxd3 19.Rxd3 Nc6 20.dxc5 Bxc5 21.Ne5 Qb7 22.Nxc6 Rxc6
23.Qg4 f5 24.Qg3 Rcc8 25.Qe5 Qf7 26.Rcd1 Qf6 27.Rd7 Be7 28.g3 Qxe5 29.Bxe5 Rfd8
30.Bxg7 Rc2 31.Rxd8+ Bxd8 32.Rd7 Bc7 33.a4 h5 34.Bf6 b5 35.axb5 axb5 36.Kg2 e5
37.Kf3 Rc6 38.Bd8 Bd6 39.Ba5 h4 40.gxh4 e4+ 41.Kg2 b4 42.h5 Ra6 43.h6 Bf8
44.h7+ Kh8 45.Rd8 Rxa5 46.Rxf8+ Kxh7 47.Rb8 f4 48.exf4 Ra2 49.Kg3  1-0

[Event "XXII Anderssen Mem Final A"]
[Site "Wroclaw POL"]
[Date "2013.06.30"]
[Round "1.2"]
[White "Cyborowski,L"]
[Black "Stachowiak,K"]
[Result "1-0"]
[WhiteElo "2548"]
[BlackElo "2474"]

1.c4 e6 2.Nf3 d5 3.d4 c6 4.Qc2 Nf6 5.Bg5 h6 6.Bh4 Nbd7 7.e3 Be7 8.Nc3 O-O
9.cxd5 Nxd5 10.Bxe7 Qxe7 11.Nxd5 cxd5 12.Bd3 Nf6 13.O-O Bd7 14.Qb3 Rfc8 15.Qxb7 Rcb8
16.Qa6 Rxb2 17.Rab1 Qb4 18.Rxb2 Qxb2 19.Rb1 Qc3 20.Ne5 Be8 21.Qb7 Qc8 22.Kf1 a5
23.Ke2 Qd8 24.f3 a4 25.a3 Rc8 26.Kd2 Rc7 27.Qb8 Rc8 28.Qb7 Rc7 29.Qb6 Qc8
30.Qb8 Nd7 31.Qxc8 Rxc8 32.Nxd7 Bxd7 33.Rb7 Be8 34.Bc2 Kf8 35.h4 Rc4 36.f4 g6
37.g4 Rc8 38.g5 hxg5 39.hxg5 Rc4 40.Rb4 Rc8 41.Bxa4 Ra8 42.Bxe8 Kxe8 43.a4 Ra7
44.Kc3 Kd7 45.Kb3 Kc7 46.Rb5 Ra8 47.a5 Rh8 48.a6 Ra8 49.Rb7+ Kc6 50.Rxf7 Rxa6
51.Rf6 Kd7 52.Rxg6 Ra1 53.Rg7+ Kd6 54.Kc3 Ra2 55.Kd3 Rg2 56.Ra7 Kc6 57.Ra1 Kd6
58.Rc1 Kd7 59.Rc2 Rg1 60.Ke2 Rg2+ 61.Kd3 Rg1 62.Ra2 Kd6 63.Ra6+ Ke7 64.Ra7+ Kd6
65.Ke2 Rg4 66.Kf2 Kc6 67.Ra1  1-0

[Event "Karvina Open 2013"]
[Site "Karvina CZE"]
[Date "2013.07.02"]
[Round "4.26"]
[White "Vahala,T"]
[Black "Kopel,Wojciech"]
[Result "1-0"]
[WhiteElo "1859"]
[BlackElo "1479"]

1.c4 e6 2.Nf3 d5 3.e3 c6 4.b3 Nf6 5.Bb2 Bd6 6.d3 O-O 7.Nbd2 Re8 8.d4 Nbd7
9.Be2 e5 10.dxe5 Nxe5 11.O-O dxc4 12.Nxc4 Nxc4 13.Bxc4 b5 14.Be2 Nd5 15.Qd4 Qf6
16.Qxd5 Qxb2 17.Qxc6 Bg4 18.Bxb5 Be7 19.Qe4 Bxf3 20.gxf3 Qf6 21.Bxe8 Rxe8
22.Rfd1 Rc8 23.Rab1 g6 24.Rd2 Qc3 25.Rbd1 Bf6 26.f4 Kg7 27.Qd3 Qc5 28.Qd5 Qc3
29.Qb7 a5 30.Rd7 Rf8 31.a4 Qc2 32.R1d2 Qc1+ 33.Kg2 Qc3 34.Qd5 Qb4 35.Qc4 Qb6
36.R2d6 Qb8 37.e4 Bb2 38.e5 Qa8+ 39.Rc6 Qe8 40.Rcc7 Ba3 41.e6  1-0

[Event "4th Kiryat Ono Open A"]
[Site "Kiryat Ono ISR"]
[Date "2013.07.02"]
[Round "3.10"]
[White "Shtemler,Lavi"]
[Black "Gindi,S"]
[Result "0-1"]
[WhiteElo "2034"]
[BlackElo "2278"]

1.c4 e6 2.Nf3 d5 3.b3 Nf6 4.Bb2 c5 5.cxd5 exd5 6.d4 cxd4 7.Nxd4 Bb4+ 8.Bc3 Bc5
9.Nd2 O-O 10.g3 Qb6 11.e3 Re8 12.Qe2 Nc6 13.Nxc6 Bg4 14.Ba5 Qxc6 15.Qb5 d4
16.Qxc6 bxc6 17.b4 dxe3 18.bxc5 exd2+ 19.Kxd2 Ne4+ 20.Ke3 Nxg3+ 21.Kf4 Nxh1
22.Bg2 Nxf2 23.Bxc6 Nd3+ 24.Kg3 Re3+ 25.Kxg4 Ne5+ 26.Kf4 Nxc6 27.Kxe3 Nxa5
28.Kd4 Rd8+  0-1

[Event "4th Kiryat Ono Open A"]
[Site "Kiryat Ono ISR"]
[Date "2013.07.02"]
[Round "3.9"]
[White "Kudischewitsch,D"]
[Black "Elchanati,A"]
[Result "1/2-1/2"]
[WhiteElo "2335"]
[BlackElo "2149"]

1.c4 e6 2.Nf3 d5 3.d4 a6 4.cxd5 exd5 5.Bf4 Nf6 6.e3 c5 7.dxc5 Bxc5 8.Be2 Nc6
9.O-O O-O 10.Qc2 Qe7 11.Bg5 Bd6 12.Nc3 Rd8 13.Rfd1 Be6 14.Rd2 Rac8 15.Rad1 h6
16.Bh4 Ne5 17.Qb1 g5 18.Bg3 Nxf3+ 19.Bxf3 Bb4 20.Bxd5 Bxd5 21.Nxd5 Nxd5 22.Rxd5 Rxd5
23.Rxd5 Qe4 24.Rd1 Qxb1 25.Rxb1 f5 26.Be5 Kf7 27.a3 Ke6 28.Bd4 Bd6 29.Kf1 Rc2
30.h3 h5 31.g3 b5 32.Re1 Kd5 33.Rd1 Ke4 34.Kg2 g4 35.h4 Be5 36.b4 Ra2 37.Bc5 Rxa3
38.Rd7 Bc3 39.Re7+ Kd3 40.Rh7 Ra2 41.Rxh5 Ke4 42.Rh7 Be1 43.Re7+ Kd3 44.e4 fxe4
45.h5 a5 46.Rd7+ Ke2 47.bxa5 Rxa5 48.h6 Bc3 49.Rd4 Bxd4 50.Bxd4 b4 51.h7 Rh5
52.h8=Q Rxh8 53.Bxh8 b3 54.Bd4 Kd3 55.Bf6 Ke2 56.Kg1 Ke1 57.Bb2 Ke2 58.Kg2 Ke1
59.Bc3+ Ke2 60.Kg1 Kd3 61.Bf6 Ke2 62.Kg2 Ke1 63.Bb2 Ke2 64.Kg1 Ke1 65.Bc1 Kd1
66.Ba3 Ke2 67.Kg2 Ke1 68.Bb4+ Ke2  1/2-1/2

[Event "IsBank TCh-TUR 2013"]
[Site "Denizli TUR"]
[Date "2013.07.03"]
[Round "5.9"]
[White "Yaran,Siar"]
[Black "Cingoz,O"]
[Result "1-0"]
[WhiteElo "1973"]
[BlackElo "1876"]

1.c4 e6 2.Nf3 d5 3.d4 Nf6 4.Nc3 c6 5.cxd5 exd5 6.Qc2 Be7 7.Bg5 O-O 8.e3 Nbd7
9.Bd3 Re8 10.h3 Nf8 11.g4 c5 12.O-O-O c4 13.Bf1 b5 14.Nxb5 Qa5 15.Nc3 Rb8
16.Ne5 Bd7 17.Bxf6 gxf6 18.Nxd7 Nxd7 19.Qa4 Qb6 20.Rd2 Bb4 21.Rc2 Bxc3 22.bxc3 Qb1+
23.Kd2 Nb6 24.Qa6 Nc8 25.Bg2 Qb5 26.Qxf6 Nb6 27.h4 Re6 28.Qf4 Rb7 29.h5 Qa5
30.Qg5+ Kf8 31.Qd8+ Re8 32.Qd6+ Ree7 33.Qh6+ Ke8 34.Qxh7 Red7 35.Qh8+  1-0

[Event "41st TCh-GRE"]
[Site "Rio (Achaia) GRE"]
[Date "2013.07.03"]
[Round "2.7"]
[White "Kalyva,Kyriaki"]
[Black "Vlachou,Maria"]
[Result "1-0"]
[WhiteElo "1393"]
[BlackElo "1287"]

1.c4 e6 2.Nf3 d5 3.cxd5 exd5 4.g3 Nf6 5.Bg2 Be7 6.O-O O-O 7.d3 h6 8.Bf4 Bf5
9.Nc3 Nc6 10.a3 Re8 11.Nb5 Rc8 12.b4 a6 13.Nc3 Bd6 14.Be3 Ne5 15.Nd4 Be6
16.Nb3 Nc6 17.Bc5 Bxc5 18.Nxc5 Rb8 19.d4 Bg4 20.Re1 Ne4 21.N3xe4 dxe4 22.Bxe4 Nxd4
23.f3 Be6 24.Nxb7 Qd7 25.Nc5 Qb5 26.Qxd4 Rbd8 27.Qc3 Bc4 28.a4 Qb6 29.Qxc4 Re5
30.Rad1 Ree8 31.Kg2 a5 32.bxa5 Qxa5 33.Bg6  1-0

[Event "6th ch-Cent SRB Int 2013"]
[Site "Paracin SRB"]
[Date "2013.07.05"]
[Round "1.22"]
[White "Abramovic,B"]
[Black "Persson,R"]
[Result "1-0"]
[WhiteElo "2427"]
[BlackElo "2175"]

1.c4 e6 2.Nf3 d5 3.d4 c6 4.Qc2 dxc4 5.Qxc4 b5 6.Qc2 Bb7 7.e4 Nf6 8.Bg5 Nbd7
9.Nbd2 h6 10.Bxf6 gxf6 11.Be2 a6 12.a4 Qb6 13.O-O h5 14.Nb3 h4 15.axb5 cxb5
16.Qd3 h3 17.g3 Rd8 18.Rfc1 Ne5 19.Qc2 Rc8 20.Qb1 Rxc1+ 21.Qxc1 Nd7 22.Bd3 Bb4
23.Qf1 Ke7 24.Rd1 Bd6 25.Nh4 Qd8 26.Qxh3 Qg8 27.Re1 Qg7 28.Qg2 Qg5 29.Nf5+ Qxf5
30.exf5 Bxg2 31.Kxg2 Nb6 32.fxe6 fxe6 33.Bf5 e5 34.f4 Nc4 35.Re2 Rd8 36.Nc1 Bb8
37.dxe5 fxe5 38.fxe5 Bxe5 39.Nd3 Kf6 40.Nxe5 Kxf5 41.Nxc4 bxc4 42.h4 a5 43.Kf3 a4
44.g4+ Kf6 45.Re4 Rc8 46.Ke3 c3 47.bxc3 Rxc3+ 48.Kf4 a3 49.g5+ Kg7 50.Ra4 Kg6
51.Ra6+ Kg7 52.Kf5 Rc5+ 53.Kg4 Rc3 54.Ra7+ Kf8 55.Kh5 Rh3 56.Kg6 Rxh4 57.Rxa3 Rh1
58.Ra8+ Ke7 59.Rg8 Rg1 60.Kh7 Rh1+ 61.Kg7 Rh5 62.g6 Rh1 63.Ra8 Rg1 64.Ra2 Re1
65.Kg8 Rc1 66.g7 Kf6 67.Ra6+  1-0

[Event "Polugaevsky Mem 2013"]
[Site "Samara RUS"]
[Date "2013.07.05"]
[Round "4.3"]
[White "Dmitriev,Ig"]
[Black "Geller,J"]
[Result "0-1"]
[WhiteElo "2290"]
[BlackElo "2549"]

1.c4 e6 2.Nf3 d5 3.e3 Nf6 4.Nc3 a6 5.b3 c5 6.Bb2 Nc6 7.d3 d4 8.Ne4 Nxe4 9.dxe4 e5
10.Be2 Bd6 11.O-O O-O 12.Qd2 f5 13.Bd3 f4 14.Rae1 Qe7 15.Be2 Be6 16.a3 a5
17.Qd3 Rf7 18.exf4 Rxf4 19.Bc1 Rff8 20.Bg5 Rxf3 21.Bxe7 Rxd3 22.Bxd6 Rxb3
23.Rb1 a4 24.Rxb3 axb3 25.Bxc5 b6 26.Bxb6 Rxa3 27.f4 b2 28.f5 Ra1 29.Bd3 Rxf1+
30.Kxf1 Nb4  0-1

[Event "3rd SPAChess Open"]
[Site "Amsterdam NED"]
[Date "2013.07.07"]
[Round "2.17"]
[White "Bosboom,M"]
[Black "Haver,Daan"]
[Result "1-0"]
[WhiteElo "2398"]
[BlackElo "2021"]

1.c4 e6 2.Nf3 d5 3.e3 c5 4.a3 Nf6 5.d4 a6 6.dxc5 Bxc5 7.b4 Ba7 8.Bb2 O-O
9.Qc2 dxc4 10.Ng5 Nbd7 11.Nc3 b5 12.O-O-O Bb7 13.h4 Qe7 14.Kb1 Rfd8 15.Be2 Nf8
16.Bf3 h6 17.Bxb7 Qxb7 18.Nge4 Nxe4 19.Nxe4 Rxd1+ 20.Rxd1 Qe7 21.g4 Qxh4
22.Rg1 f6 23.Qd1 f5 24.Nf6+ gxf6 25.gxf5+ Kf7 26.fxe6+ Kxe6 27.Rg4 Rd8 28.Qf3 Qh2
29.Qxf6+ Kd7 30.Rg7+ Kc8 31.Qc6+ Kb8 32.Qb7+  1-0

[Event "Styrian Open A 2013"]
[Site "Bad Gleichenberg AUT"]
[Date "2013.07.08"]
[Round "3.8"]
[White "Wegerer,F"]
[Black "Froewis,G"]
[Result "1/2-1/2"]
[WhiteElo "2218"]
[BlackElo "2423"]

1.c4 e6 2.Nf3 d5 3.e3 Nf6 4.Nc3 c6 5.b3 Bd6 6.Bb2 O-O 7.Qc2 Re8 8.d4 Nbd7
9.h3 Qe7 10.Be2 e5 11.cxd5 Nxd5 12.Nxd5 cxd5 13.dxe5 Nxe5 14.O-O Bd7  1/2-1/2

[Event "4th Borloy Mem FSGM 2013"]
[Site "Budapest HUN"]
[Date "2013.07.09"]
[Round "4.3"]
[White "Varga,Zo"]
[Black "Schneider,Ve"]
[Result "1/2-1/2"]
[WhiteElo "2446"]
[BlackElo "2294"]

1.c4 e6 2.Nf3 d5 3.d4 a6 4.e3 Nf6 5.Nc3 dxc4 6.Bxc4 b5 7.Be2 Bb7 8.O-O Nbd7
9.a3 c5 10.dxc5 Bxc5 11.b4 Be7 12.Bb2 O-O 13.Qb3  1/2-1/2

[Event "120th ch-SCO 2013"]
[Site "Helensburgh SCO"]
[Date "2013.07.09"]
[Round "4.12"]
[White "Grant,A"]
[Black "Muir,A"]
[Result "1-0"]
[WhiteElo "2156"]
[BlackElo "2325"]

1.c4 e6 2.Nf3 d5 3.g3 dxc4 4.Qa4+ Nd7 5.Bg2 a6 6.Qxc4 b5 7.Qc2 Bb7 8.O-O c5
9.b3 Ngf6 10.Bb2 Be7 11.d3 O-O 12.Nbd2 Rc8 13.Rac1 Nd5 14.a3 Bf6 15.Bxf6 Qxf6
16.Rfe1 e5 17.Qb2 Qe7 18.Bh3 N5b6 19.e3 f5 20.Nh4 g6 21.Bg2 e4 22.f4 Nf6
23.dxe4 fxe4 24.Bh3 Rcd8 25.Rc2 Rd5 26.Re2 Rfd8 27.Ng2 Bc8 28.Bxc8 Rxc8 29.h3 Kf7
30.g4 h5 31.g5 Ne8 32.Nh4 Ng7 33.Nxe4 Qxe4 34.Qf6+ Kg8 35.Qxb6 Rd1+ 36.Kf2 Qh1
37.Kg3 Rg1+ 38.Rg2 Rxg2+ 39.Nxg2 Nf5+ 40.Kf2 Kh8 41.Qf6+ Kh7 42.Rd2 Rg8 43.Rd7+ Rg7
44.Rd8 Ne7 45.Qf8 Ng8 46.f5 Qxh3 47.f6 Qf5+ 48.Kg1 Qb1+ 49.Kh2  1-0

[Event "Polugaevsky Mem 2013"]
[Site "Samara RUS"]
[Date "2013.07.09"]
[Round "8.9"]
[White "Artamonov,V"]
[Black "Geller,J"]
[Result "0-1"]
[WhiteElo "2242"]
[BlackElo "2549"]

1.c4 e6 2.Nf3 d5 3.b3 Nf6 4.g3 c5 5.Bg2 Nc6 6.O-O Be7 7.e3 O-O 8.Qe2 d4 9.exd4 cxd4
10.d3 Ne8 11.a3 a5 12.Ra2 f6 13.Ne1 Nc7 14.f4 Ra6 15.Rc2 Rb6 16.Nd2 Na6 17.Nef3 Nc5
18.Rb2 Re8 19.Re1 e5 20.fxe5 Bd6 21.Qf1 fxe5 22.Ne4 Nxe4 23.Rxe4 Bxa3 24.Bg5 Be7
25.Bd2 Bf6 26.g4 g6 27.Qe1 Qd6 28.Bxa5 Nxa5 29.Qxa5 Ra6 30.Qe1 Bd7 31.b4 Ra3
32.Qd1 Ba4 33.Qb1 Bc6 34.Re1 e4 35.dxe4 d3 36.Rb3 Rxb3 37.Qxb3 Rxe4 38.Rd1 Qe6
39.b5 Rxg4 40.Qxd3 Be4 41.Qe2 Be7 42.Kh1 Bc5 43.Rd8+ Kg7 44.Qb2+ Kh6 45.Qd2+ g5
46.Qe2 Qf5 47.Rd1 Rxg2  0-1

[Event "St. Pauli Open 2013"]
[Site "Hamburg GER"]
[Date "2013.07.10"]
[Round "5.6"]
[White "Scheerer,C"]
[Black "Schroeder,Christo"]
[Result "1-0"]
[WhiteElo "2373"]
[BlackElo "2212"]

1.c4 e6 2.Nf3 d5 3.g3 dxc4 4.Bg2 a6 5.O-O Nf6 6.Nc3 Bd6 7.Qa4+ Nbd7 8.Qxc4 b5
9.Qh4 Bb7 10.d3 O-O 11.a4 b4 12.Nd1 a5 13.Ne3 Nd5 14.Qh3 Nc5 15.Nc4 Be7 16.Nfd2 Bf6
17.Ne4 Nxe4 18.Bxe4 g6 19.Bh6 Re8 20.Rfc1 Ra7 21.Qg2 Ba8 22.Rc2 b3 23.Rd2 Qd7
24.d4 Rb8 25.Qf3 Bg7 26.Bxg7 Kxg7 27.Ne5 Qe7 28.Nd3 Nf6 29.Bxa8 Raxa8 30.Nc5 Nd7
31.Nxb3 Qb4 32.Rd3 Nb6 33.Qc6 Qc4 34.Nc5 Kg8 35.b3 Qc2 36.e4 Rd8 37.Qxc7 Nd7
38.Rf3 Rac8 39.Qf4 Nxc5 40.Qxf7+ Kh8 41.Qf6+ Kg8 42.dxc5 Qxe4 43.Qf7+ Kh8
44.Rc1 Qe5 45.Qe7 Qh5 46.Qf6+ Kg8 47.Qxe6+  1-0

[Event "ch-BEL Experten 2013"]
[Site "Antwerp BEL"]
[Date "2013.07.12"]
[Round "7.2"]
[White "Verstraeten,R"]
[Black "Dgebuadze,A"]
[Result "1/2-1/2"]
[WhiteElo "2283"]
[BlackElo "2520"]

1.Nf3 e6 2.c4 d5 3.g3 g6 4.d4 Bg7 5.Bg2 Ne7 6.O-O Nbc6 7.e3 O-O 8.Bd2 b6
9.Bc3 Ba6 10.Na3 dxc4 11.Qa4 Qc8 12.Nd2 Bb7 13.Naxc4 a6 14.Qb3 b5 15.Na5 Nxa5
16.Bxa5 Bxg2 17.Kxg2 Nc6 18.Bb4 Nxb4 19.Qxb4 c5 20.dxc5 Qc6+ 21.Qe4 Qxc5
22.Rac1 Qf5 23.Rc2 Qxe4+ 24.Nxe4 Rfc8 25.Rfc1 Rxc2 26.Rxc2 h6 27.b3 f5  1/2-1/2

[Event "ch-BEL Open 2013"]
[Site "Antwerp BEL"]
[Date "2013.07.13"]
[Round "8.4"]
[White "Sadkowsky,D"]
[Black "Lacrosse,M"]
[Result "1/2-1/2"]
[WhiteElo "2230"]
[BlackElo "2199"]

1.c4 e6 2.Nf3 d5 3.g3 Nf6 4.Bg2 Be7 5.O-O O-O 6.b3 c5 7.Bb2 Nc6 8.e3 b6 9.Nc3 Bb7
10.cxd5 Nxd5 11.Nxd5 Qxd5 12.d4 Rad8 13.Ne5 Qd6 14.dxc5 Qxc5 15.Nd7 Qg5 16.h4 Qh6
17.Rc1 e5 18.Qg4 Rfe8 19.Nxe5 Nxe5 20.Bxe5 Bxg2 21.Kxg2 Ba3 22.Bf4 Qe6 23.Qxe6 Rxe6
24.Rfd1 Rxd1 25.Rxd1 f6 26.Rd7 Re7 27.Rxe7 Bxe7 28.Kf3 Kf7 29.e4 Ke6 30.Be3 Ke5
31.a4 Bb4 32.g4 g6 33.Bc1 Bc3 34.Bf4+ Kd4 35.Bb8 a5 36.Bd6 Kd3 37.g5 Be5
38.Be7 fxg5 39.hxg5 Kc2 40.Bf6 Bc7 41.e5 Kxb3 42.e6 Bd6 43.Bd8 Kxa4 44.Bxb6 Be7
45.Kg4 Kb5 46.Bd4 Kc6 47.f4 Kd5 48.Bc3  1/2-1/2

[Event "15th Saint-Lo IM"]
[Site "Saint-Lo FRA"]
[Date "2013.07.13"]
[Round "8.5"]
[White "Breahna,R"]
[Black "Sochacki,W"]
[Result "1/2-1/2"]
[WhiteElo "2266"]
[BlackElo "2264"]

1.c4 e6 2.Nf3 d5 3.d4 c6 4.Qc2 Nf6 5.Bg5 h6 6.Bxf6 Qxf6 7.Nbd2 Bb4 8.e3 Nd7
9.Be2 dxc4 10.Qxc4 Qe7 11.O-O O-O 12.Ne4 Nf6 13.Nc5 Ba5 14.Ne5 Qd6 15.Rfd1 Bc7
16.Bf3 Nd5 17.g3 a5 18.Rac1 Bd8 19.Qb3 Qc7 20.Bg2 a4 21.Qc4 Qa5 22.a3 Be7
23.Qe2 Bxc5 24.Rxc5 Qb6 25.Be4 Qc7 26.Rdc1 Ne7 27.Qc2 f6 28.Nd3 Nd5 29.Rc4 Qa5
30.Rc5 Qd8 31.Rc4 Qa5 32.Rc5 Qd8 33.Rc4 Qa5 34.Rc5  1/2-1/2

[Event "Ikaros Aegean Open 2013"]
[Site "Aghios Kirykos GRE"]
[Date "2013.07.16"]
[Round "4"]
[White "Pountzas,H"]
[Black "Tzouvelekis,I"]
[Result "1-0"]
[WhiteElo "2094"]
[BlackElo "1945"]

1.c4 e6 2.Nf3 d5 3.e3 Nf6 4.Nc3 Be7 5.d4 O-O 6.Bd3 dxc4 7.Bxc4 c5 8.O-O Nc6
9.a3 a6 10.dxc5 Bxc5 11.b4 Bd6 12.Bb2 b5 13.Bb3 Bb7 14.Ne2 Qe7 15.Ned4 Rfd8
16.Qe2 Rac8 17.h3 Bb8 18.Rfd1 Nxd4 19.Rxd4 Rxd4 20.Bxd4 Qc7 21.Bb2 Bd5 22.Bxd5 Nxd5
23.Qd2 Nb6 24.Rc1 Qd8 25.Rxc8 Qxc8 26.Qd4 e5 27.Qxb6  1-0

[Event "12th Condom Open"]
[Site "Condom FRA"]
[Date "2013.07.17"]
[Round "6.1"]
[White "Santos Latasa,J"]
[Black "Cornette,M"]
[Result "1/2-1/2"]
[WhiteElo "2418"]
[BlackElo "2578"]

1.c4 e6 2.Nf3 d5 3.b3 c5 4.g3 Nc6 5.Bg2 d4 6.O-O e5 7.e3 f6 8.exd4 cxd4 9.d3 Be6
10.Ba3 Bxa3 11.Nxa3 Nge7 12.Nc2 a6 13.Nd2 O-O 14.Qc1 Qd7 15.Ne4 b6 16.Qa3 h6
17.Qd6 Qxd6 18.Nxd6 Rfd8 19.Ne4 Rac8 20.Rfe1 Rc7 21.a4 a5 22.Reb1 f5 23.Nd2 Rd6  1/2-1/2